| 000 | 01200nam a2200325 i 4500 | ||
|---|---|---|---|
| 003 | DO-SdBNP | ||
| 005 | 20260702093033.0 | ||
| 007 | ta | ||
| 008 | 260702b2000 dr ||||| |||| 00| 0 spa d | ||
| 020 | _a8495193043 | ||
| 040 |
_aDO-SdBNP _bspa _cBNPHU _erda |
||
| 041 | _aspa | ||
| 082 | 4 |
_axxx _bxxx _222 |
|
| 100 | 1 |
_aCordero Michel, Emilio, _d1929-2018 _eautor _4aut. _944029 |
|
| 245 | 1 | 3 |
_aLa revolución Haitiana y Santo Domingo / _cEmilio Cordero Michel ; prólogo, Hugo Tolentino Dipp. |
| 250 | _aCuarta edición corregida y ampliada | ||
| 264 | 4 |
_aSanto Domingo : _bEdiciones Universidad Abierta para Adultos; _bFacultad Latinoamerica de Ciencias Sociales, _c©2000. |
|
| 300 |
_a161 páginas ; _c21 cm. |
||
| 336 |
_atexto _btxt _2rdacontent |
||
| 337 |
_asin mediación _bn _2rdamedia |
||
| 338 |
_avolumen _bnc _2rdacarrier |
||
| 490 | 0 |
_aSerie Educación y Sociedad _v2 |
|
| 500 | _aIncluye referencias bibliográficas y notas al pie de las páginas | ||
| 500 | _aIncluye índices | ||
| 504 | _aBibliografías : páginas 143-161 | ||
| 590 | _aInventariado, 2026/BT | ||
| 700 | 1 |
_aTolentino Dipp, Hugo, _d1930-2019 _eprologuista _4pr. _912717 |
|
| 910 | _aBtavárez | ||
| 942 |
_2ddc _cLBS1 |
||
| 999 |
_c60990 _d60990 |
||